[Event "Aut_2. Bundesliga Ost 2005/06"]
[Site "Bruck/Leitha"]
[Date "2006.01.15"]
[Round "6.4"]
[White "Holemar, David"]
[Black "Pachta, Paul"]
[Result "1-0"]
[WhiteElo "2287"]
[BlackElo "2188"]
[PlyCount "87"]
[EventDate "2005.10.08"]

1. d4 Nf6 2. c4 g6 3. Nc3 Bg7 4. e4 d6 5. f4 O-O 6. Nf3 c5 7. d5 e6 8. Be2 exd5
9. exd5 Re8 10. O-O Ng4 11. h3 Ne3 12. Bxe3 Rxe3 13. Qd2 Qe7 14. Bd3 Na6 15.
Nd1 Rxd3 16. Qxd3 Bf5 17. Qd2 Qe4 18. Rc1 Nb4 19. Nf2 Qe7 20. a3 Na6 21. Rce1
Qf6 22. g4 Bd7 23. Ne4 Qxb2 24. Qxb2 Bxb2 25. Rb1 Bg7 26. Rxb7 Bc8 27. Rb3 Bf8
28. Nf6+ Kg7 29. Ne8+ Kg8 30. Re1 h6 31. Nh4 Kh8 32. f5 g5 33. Nf3 Bd7 34. Nf6
Bc8 35. Re8 Kg7 36. Nh5+ Kg8 37. Re1 Nc7 38. Nd2 Ba6 39. Kf2 Bg7 40. f6 Bf8 41.
Reb1 Re8 42. Rb8 Bc8 43. Re1 Rd8 44. Re7 1-0

[Event "Aut_2. Bundesliga Ost 2005/06"]
[Site "Bruck/Leitha"]
[Date "2006.01.15"]
[Round "6.4"]
[White "Kirschner, Alexander"]
[Black "Zwettler, Martin"]
[Result "1/2-1/2"]
[WhiteElo "2201"]
[BlackElo "2218"]
[PlyCount "64"]
[EventDate "2005.10.08"]

1. c4 g6 2. Nc3 Bg7 3. g3 d6 4. Bg2 e5 5. e3 f5 6. d3 Nf6 7. Nge2 O-O 8. O-O
Nc6 9. Rb1 a5 10. a3 Be6 11. b4 axb4 12. axb4 Rb8 13. b5 Ne7 14. Bd2 Qd7 15. f4
e4 16. Qc2 exd3 17. Qxd3 d5 18. cxd5 Nexd5 19. Na4 Ne4 20. Nd4 Ra8 21. Nxe6
Qxe6 22. Nc5 Nxc5 23. Qxd5 Rfd8 24. Qxe6+ Nxe6 25. Bb4 Rab8 26. Rfd1 Kf7 27.
Rxd8 Nxd8 28. Rd1 Ke8 29. Ba5 c6 30. bxc6 Nxc6 31. Bb6 Ra8 32. Rb1 Ra1 1/2-1/2

[Event "Aut_2. Bundesliga Ost 2005/06"]
[Site "Bruck/Leitha"]
[Date "2006.01.15"]
[Round "6.4"]
[White "Niederwieser, Peter"]
[Black "Janetschek, Karl"]
[Result "0-1"]
[WhiteElo "2172"]
[BlackElo "2310"]
[PlyCount "84"]
[EventDate "2005.10.08"]

1. d4 Nf6 2. c4 e6 3. Nc3 Bb4 4. Qc2 c5 5. dxc5 Na6 6. a3 Bxc3+ 7. Qxc3 Nxc5 8.
b4 Nce4 9. Qb2 d5 10. c5 h6 11. f3 Ng5 12. Bf4 Nh5 13. e3 f5 14. Bd3 Nf7 15.
Ne2 Nxf4 16. exf4 g5 17. O-O-O O-O 18. h4 gxh4 19. g4 Kh7 20. Rdg1 Rg8 21. gxf5
exf5 22. Rxg8 Qxg8 23. Rg1 Qh8 24. Nd4 h3 25. Nxf5 Qxb2+ 26. Kxb2 Kh8 27. Ne7
Be6 28. Ng6+ Kg7 29. f5 h2 30. Rh1 Bd7 31. Rxh2 Kf6 32. Re2 Re8 33. Rxe8 Bxe8
34. Kc3 Ne5 35. Nf4 Bf7 36. Be2 h5 37. b5 h4 38. Kd4 Kxf5 39. Nxd5 h3 40. Ne3+
Kf4 41. Bf1 Nxf3+ 42. Kd3 h2 0-1

[Event "Aut_2. Bundesliga Ost 2005/06"]
[Site "Bruck/Leitha"]
[Date "2006.01.15"]
[Round "6.5"]
[White "Polak, Tomas"]
[Black "Beim, Valery"]
[Result "1/2-1/2"]
[WhiteElo "2499"]
[BlackElo "2499"]
[PlyCount "38"]
[EventDate "2005.10.08"]

1. d4 f5 2. g3 Nf6 3. Bg2 g6 4. c4 Bg7 5. Nc3 O-O 6. Nh3 Nc6 7. Nf4 e5 8. dxe5
Nxe5 9. O-O c6 10. b3 d6 11. Bb2 Nf7 12. Qc2 Re8 13. Rad1 Bd7 14. Rfe1 Qc7 15.
Qb1 a6 16. Qa1 Ne5 17. Ba3 Nf7 18. Bb2 Ne5 19. Ba3 Nf7 1/2-1/2

[Event "Aut_2. Bundesliga Ost 2005/06"]
[Site "Bruck/Leitha"]
[Date "2006.01.15"]
[Round "6.5"]
[White "Groetz, Harald"]
[Black "Zsifkovits, Robert"]
[Result "1-0"]
[WhiteElo "2325"]
[BlackElo "2224"]
[PlyCount "65"]
[EventDate "2005.10.08"]

1. e4 e5 2. Nf3 Nf6 3. Nxe5 d6 4. Nf3 Nxe4 5. d4 d5 6. Bd3 Nc6 7. O-O Be7 8. c4
Nb4 9. Be2 O-O 10. Nc3 Be6 11. Ne5 Nxc3 12. bxc3 Nc6 13. Nxc6 bxc6 14. c5 Bf5
15. Bf3 Bg5 16. Qa4 Bd3 17. Re1 Bxc1 18. Raxc1 Qf6 19. Re3 Bb5 20. Qa5 Rae8 21.
a4 Rxe3 22. fxe3 Qh6 23. Re1 Bc4 24. Qxc7 a6 25. Qe5 f5 26. Rb1 Bd3 27. Rb6 Be4
28. Qf4 g5 29. Qd6 Rf6 30. Rb8+ Kg7 31. Qd8 Rf7 32. Qg8+ Kf6 33. Rd8 1-0

[Event "Aut_2. Bundesliga Ost 2005/06"]
[Site "Bruck/Leitha"]
[Date "2006.01.15"]
[Round "6.5"]
[White "Wallner, Alfred"]
[Black "Hangweyrer, Manfred"]
[Result "1/2-1/2"]
[WhiteElo "2246"]
[BlackElo "2332"]
[PlyCount "21"]
[EventDate "2005.10.08"]

1. e4 d5 2. exd5 Nf6 3. Nf3 Nxd5 4. d4 Bf5 5. Nh4 Bd7 6. c4 e6 7. Nf3 Bb4+ 8.
Bd2 Bxd2+ 9. Qxd2 Nf6 10. Nc3 O-O 11. Be2 1/2-1/2

[Event "Aut_2. Bundesliga Ost 2005/06"]
[Site "Bruck/Leitha"]
[Date "2006.01.15"]
[Round "6.5"]
[White "Sadilek, Maximilian"]
[Black "Ponjican, Erich"]
[Result "0-1"]
[WhiteElo "2141"]
[BlackElo "2128"]
[PlyCount "70"]
[EventDate "2005.10.08"]

1. Nc3 d5 2. Nf3 d4 3. Ne4 Bf5 4. Ng3 Bg6 5. c3 c5 6. Qb3 Qd7 7. cxd4 cxd4 8.
Nxd4 e5 9. Nf3 Nc6 10. d3 Nf6 11. Bd2 Bc5 12. Rc1 Bb6 13. Rxc6 Qxc6 14. Nxe5
Bxf2+ 15. Kxf2 Qc5+ 16. d4 Qxd4+ 17. Qe3 O-O-O 18. Qxd4 Rxd4 19. Bc3 Rf4+ 20.
Ke1 Nd5 21. Nxg6 hxg6 22. Bd2 Rg4 23. Kf2 f5 24. e3 Nf6 25. Bd3 Kb8 26. h3 Rxg3
27. Kxg3 Rd8 28. Bxf5 gxf5 29. Bc3 Ne4+ 30. Kf4 g5+ 31. Kf3 Rd3 32. Be5+ Kc8
33. Rc1+ Kd7 34. Rc7+ Ke6 35. Bd4 Rd2 0-1

[Event "Aut_2. Bundesliga Ost 2005/06"]
[Site "Bruck/Leitha"]
[Date "2006.01.15"]
[Round "6.6"]
[White "Hagara, Eduard"]
[Black "Franzen, Jozef"]
[Result "1/2-1/2"]
[WhiteElo "2376"]
[BlackElo "2379"]
[PlyCount "99"]
[EventDate "2005.10.08"]

1. e4 e5 2. Nf3 Nc6 3. Bb5 a6 4. Ba4 Nf6 5. O-O Be7 6. Re1 b5 7. Bb3 d6 8. c3
O-O 9. d4 Bg4 10. Be3 exd4 11. cxd4 Na5 12. Bc2 Nc4 13. Bc1 c5 14. b3 Nb6 15.
Nbd2 cxd4 16. Bb2 Nfd7 17. h3 Bh5 18. g4 Bg6 19. Nxd4 Bf6 20. f4 h6 21. N2f3
Rc8 22. Qd2 Re8 23. Rad1 Nc5 24. f5 Bh7 25. Qh2 Qe7 26. Bb1 Nbd7 27. Bc1 Ne5
28. Nxe5 Bxe5 29. Qg2 d5 30. Nf3 dxe4 31. Nxe5 Qxe5 32. b4 Na4 33. Rxe4 Qf6 34.
Rxe8+ Rxe8 35. Bf4 Nc3 36. Rf1 Qd4+ 37. Qf2 Qxf2+ 38. Kxf2 Nxb1 39. Rxb1 g6 40.
fxg6 Bxg6 41. Rc1 Kg7 42. Rc7 h5 43. Kg3 hxg4 44. Kxg4 Re2 45. a3 Rg2+ 46. Kf3
Rc2 47. Be5+ Kh6 48. Ra7 Rc6 49. Bf4+ Kg7 50. Be5+ 1/2-1/2

[Event "Aut_2. Bundesliga Ost 2005/06"]
[Site "Bruck/Leitha"]
[Date "2006.01.15"]
[Round "6.6"]
[White "Brustkern, Juergen"]
[Black "Vajda, Szidonia"]
[Result "0-1"]
[WhiteElo "2236"]
[BlackElo "2396"]
[PlyCount "136"]
[EventDate "2005.10.08"]

1. e4 e5 2. f4 d5 3. exd5 c6 4. Qe2 cxd5 5. fxe5 Nc6 6. Nf3 Bc5 7. b4 Bxb4 8.
c3 Ba5 9. d4 Nge7 10. Qf2 Bf5 11. Qb2 Rc8 12. Bd2 O-O 13. Be2 Be4 14. O-O Bb6
15. Kh1 Nf5 16. Ng5 Ncxd4 17. Nxe4 Nxe2 18. Nf6+ gxf6 19. Rxf5 Qd7 20. Rf3 Qa4
21. Na3 fxe5 22. Bh6 Nf4 23. Raf1 Rfe8 24. g3 Re6 25. Bxf4 exf4 26. Rxf4 Qe8
27. Qg2 Rxc3 28. Nb1 Rc7 29. Qxd5 Qc6 30. Qxc6 Rexc6 31. Nd2 Be3 32. Rg4+ Rg6
33. Ne4 Kg7 34. Nf6 Rc1 35. Ne8+ Kf8 36. Rxc1 Rxg4 37. Re1 Kxe8 38. Rxe3+ Kd7
39. Ra3 a6 40. Rf3 Ke7 41. Re3+ Kf6 42. Rb3 b5 43. Kg2 Rc4 44. Ra3 Rc6 45. Kf3
Ke5 46. Ke3 Kd5 47. Kd3 Rf6 48. Kc2 Kc5 49. h4 Rf2+ 50. Kb1 Kb6 51. Re3 a5 52.
a3 Kc5 53. Rc3+ Kd4 54. Rb3 Kc4 55. Re3 h6 56. Kc1 a4 57. Re4+ Kc3 58. Re3+ Kd4
59. Re7 Rf3 60. Kb2 Rb3+ 61. Ka2 Rxg3 62. Rxf7 Rg2+ 63. Kb1 Rg4 64. h5 Rg5 65.
Rf4+ Ke3 66. Rh4 Rc5 67. Kb2 Kf3 68. Rh1 Kg4 0-1

[Event "Aut_2. Bundesliga Ost 2005/06"]
[Site "Bruck/Leitha"]
[Date "2006.01.15"]
[Round "6.6"]
[White "Ranits, Franz"]
[Black "Knoflicek, Ctibor"]
[Result "1-0"]
[WhiteElo "2260"]
[BlackElo "2192"]
[PlyCount "77"]
[EventDate "2005.10.08"]

1. e4 e5 2. Nf3 Nc6 3. Bc4 Nf6 4. Ng5 d5 5. exd5 Na5 6. Bb5+ c6 7. dxc6 bxc6 8.
Be2 h6 9. Nf3 e4 10. Ne5 Bd6 11. f4 Qc7 12. d4 exd3 13. Qxd3 O-O 14. Nc3 Nb7
15. O-O Nc5 16. Qf3 Ne6 17. Bd3 Nxf4 18. Bxf4 Bxe5 19. Bxe5 Qxe5 20. Rae1 Qc5+
21. Kh1 Be6 22. Ne4 Nxe4 23. Qxe4 g6 24. Qf4 Qg5 25. Qxg5 hxg5 26. Re5 Rfd8 27.
Bxg6 Rd5 28. Rxd5 Bxd5 29. Bd3 Kg7 30. Re1 Bxa2 31. b3 Rd8 32. Re3 c5 33. Kg1
a5 34. Kf2 c4 35. Bxc4 a4 36. Ke2 Rb8 37. Kd2 a3 38. Re1 Rd8+ 39. Kc3 1-0

[Event "Aut_2. Bundesliga Ost 2005/06"]
[Site "Bruck/Leitha"]
[Date "2006.01.15"]
[Round "6.6"]
[White "Chulis, Alexander"]
[Black "Stranz, Richard"]
[Result "0-1"]
[WhiteElo "2157"]
[BlackElo "2234"]
[PlyCount "64"]
[EventDate "2005.10.08"]

1. e4 e6 2. d4 d5 3. Bd3 dxe4 4. Bxe4 Nf6 5. Bd3 c5 6. dxc5 Bxc5 7. Nf3 O-O 8.
O-O Nc6 9. Qe2 Nb4 10. Rd1 Qc7 11. Nc3 Nxd3 12. Rxd3 b6 13. Nb5 Qc6 14. Nbd4
Qc7 15. Nb5 Qe7 16. Bg5 Ba6 17. a4 Rfd8 18. Ne5 Rxd3 19. Nxd3 h6 20. Nxc5 bxc5
21. Qf3 Bb7 22. Bxf6 gxf6 23. Qh5 Kh7 24. Nd6 Rg8 25. Nxb7 Qxb7 26. g3 Qxb2 27.
Rd1 Qxc2 28. Rd7 Qg6 29. Qxc5 Rb8 30. Rxa7 Qe4 31. Rxf7+ Kg8 32. Rg7+ Kh8 0-1

[Event "Aut_2. Bundesliga Ost 2005/06"]
[Site "Bruck/Leitha"]
[Date "2006.01.15"]
[Round "6.6"]
[White "Kocsisek, Marcus"]
[Black "Glaser, Gerhard"]
[Result "1-0"]
[WhiteElo "2209"]
[BlackElo "2029"]
[PlyCount "56"]
[EventDate "2005.10.08"]

1. d4 d5 2. Nf3 Nf6 3. e3 e6 4. Bd3 Be7 5. Nbd2 Nbd7 6. b3 O-O 7. O-O c5 8. Bb2
b6 9. Ne5 Bb7 10. Qe2 a6 11. Rad1 Qc7 12. f4 Ne4 13. Nxd7 Qxd7 14. Bxe4 dxe4
15. dxc5 bxc5 16. Nxe4 Qc6 17. Nd2 Bf6 18. Bxf6 gxf6 19. Nc4 Qc7 20. Qg4+ Kh8
21. Qh4 Qe7 22. Nd6 Bc6 23. e4 Rg8 24. Rf2 Rg6 25. Qh3 Kg8 26. Qc3 Be8 27. Rfd2
f5 28. exf5 exf5 1-0

[Event "Aut_2. Bundesliga Ost 2005/06"]
[Site "Wr. Neustadt"]
[Date "2006.02.24"]
[Round "7.1"]
[White "Varga, Zoltan"]
[Black "Manik, Mikulas"]
[Result "1/2-1/2"]
[WhiteElo "2525"]
[BlackElo "2474"]
[PlyCount "78"]
[EventDate "2005.10.08"]

1. e4 d5 2. exd5 Qxd5 3. d4 e5 4. Nf3 exd4 5. Nxd4 Nf6 6. Be3 Nc6 7. Nc3 Bb4 8.
Qd2 Qa5 9. Nxc6 bxc6 10. Bd3 O-O 11. O-O Bf5 12. Bd4 Bxd3 13. cxd3 Nd5 14. Rfe1
Rad8 15. Re4 Bxc3 16. Bxc3 Nxc3 17. bxc3 Qd5 18. Rd4 Qc5 19. Rg4 Rfe8 20. h3 h5
21. Rg3 g6 22. Rf3 Re7 23. Re1 Rxe1+ 24. Qxe1 Qa3 25. Qe5 Qxa2 26. c4 Qb1+ 27.
Kh2 Qb4 28. c5 Qd4 29. Qxc7 Qd7 30. Qf4 a5 31. Qc4 Qd5 32. Qc3 Ra8 33. d4 a4
34. Qb4 Qe4 35. Qb7 Rf8 36. Qd7 a3 37. Qa7 Qxd4 38. Qxa3 Qe5+ 39. g3 h4 1/2-1/2

[Event "Aut_2. Bundesliga Ost 2005/06"]
[Site "Wr. Neustadt"]
[Date "2006.02.24"]
[Round "7.1"]
[White "Alvir, Aco"]
[Black "Hagara, Eduard"]
[Result "1/2-1/2"]
[WhiteElo "2393"]
[BlackElo "2376"]
[PlyCount "44"]
[EventDate "2005.10.08"]

1. e4 c5 2. Nf3 Nc6 3. d4 cxd4 4. Nxd4 Nf6 5. Nc3 e5 6. Ndb5 d6 7. Bg5 a6 8.
Bxf6 gxf6 9. Na3 b5 10. Nd5 f5 11. Bd3 Be6 12. O-O Bxd5 13. exd5 Ne7 14. c3 Bg7
15. Nc2 O-O 16. f4 e4 17. Be2 Rc8 18. Kh1 Rc5 19. Ne3 a5 20. a3 Qa8 21. Qd2 Qb7
22. Rfd1 Rb8 1/2-1/2

[Event "Aut_2. Bundesliga Ost 2005/06"]
[Site "Wr. Neustadt"]
[Date "2006.02.24"]
[Round "7.1"]
[White "Smolen, Jan"]
[Black "Stranz, Richard"]
[Result "1-0"]
[WhiteElo "2324"]
[BlackElo "2234"]
[PlyCount "97"]
[EventDate "2005.10.08"]

1. e4 e6 2. d3 d5 3. Nd2 c5 4. Ngf3 Nc6 5. g3 g6 6. Bg2 Nge7 7. O-O Bg7 8. Re1
O-O 9. h4 h6 10. e5 b5 11. Nf1 a5 12. N1h2 a4 13. Bf4 b4 14. a3 Ra5 15. axb4
cxb4 16. c3 bxc3 17. bxc3 Bd7 18. Ng4 Nf5 19. c4 dxc4 20. dxc4 Bc8 21. Bd2 Ra6
22. Rxa4 Ncd4 23. Bb4 Re8 24. Nxd4 Qxd4 25. Qxd4 Nxd4 26. Rea1 Rb6 27. Bc5 Ne2+
28. Kf1 Rb2 29. R4a2 Rxa2 30. Rxa2 Nc3 31. Rc2 Nb1 32. Rb2 Nc3 33. Bc6 Rd8 34.
Rb3 Na2 35. Ra3 Nc1 36. Ra8 Kh7 37. Be7 Rg8 38. Nf6+ Bxf6 39. Bxf6 Nb3 40. Ra7
Rf8 41. Ke1 h5 42. Ba4 Nd4 43. Kd2 g5 44. hxg5 Kg6 45. Kc3 Ne2+ 46. Kd3 Ng1 47.
Ke3 h4 48. gxh4 Kh5 49. Bd1+ 1-0

[Event "Aut_2. Bundesliga Ost 2005/06"]
[Site "Wr. Neustadt"]
[Date "2006.02.24"]
[Round "7.1"]
[White "Herbst, Daniel"]
[Black "Kuthan, Andreas"]
[Result "0-1"]
[WhiteElo "2219"]
[BlackElo "2220"]
[PlyCount "38"]
[EventDate "2005.10.08"]

1. e4 e6 2. d3 d5 3. Nd2 Nf6 4. Ngf3 Bc5 5. e5 Nfd7 6. c3 Bb6 7. b4 f6 8. c4 a5
9. bxa5 Bxa5 10. Bb2 fxe5 11. Nxe5 O-O 12. Nef3 dxc4 13. dxc4 Nc5 14. Qc2 Nc6
15. a3 e5 16. O-O-O Bf5 17. Ne4 Bxe4 18. Rxd8 Raxd8 19. Qe2 Nb3# 0-1

[Event "Aut_2. Bundesliga Ost 2005/06"]
[Site "Wr. Neustadt"]
[Date "2006.02.24"]
[Round "7.1"]
[White "Eder, Martin"]
[Black "Kocsisek, Marcus"]
[Result "1/2-1/2"]
[WhiteElo "2196"]
[BlackElo "2209"]
[PlyCount "29"]
[EventDate "2005.10.08"]

1. e4 Nf6 2. e5 Nd5 3. d4 d6 4. Nf3 g6 5. c4 Nb6 6. b3 Bg7 7. Bb2 O-O 8. Be2
Nc6 9. O-O dxe5 10. d5 Nd4 11. Nxd4 exd4 12. Bxd4 Bxd4 13. Qxd4 c6 14. Rd1 cxd5
15. Nc3 1/2-1/2

[Event "Aut_2. Bundesliga Ost 2005/06"]
[Site "Wr. Neustadt"]
[Date "2006.02.24"]
[Round "7.2"]
[White "Beim, Valery"]
[Black "Tibensky, Robert"]
[Result "1/2-1/2"]
[WhiteElo "2499"]
[BlackElo "2432"]
[PlyCount "28"]
[EventDate "2005.10.08"]

1. c4 g6 2. Nc3 Nf6 3. Nf3 Bg7 4. e4 d6 5. d4 O-O 6. Be2 c5 7. O-O Nc6 8. d5
Na5 9. h3 e5 10. a3 b6 11. b4 Nb7 12. Ne1 Ne8 13. Nd3 Bd7 14. bxc5 Nxc5 1/2-1/2

[Event "Aut_2. Bundesliga Ost 2005/06"]
[Site "Wr. Neustadt"]
[Date "2006.02.24"]
[Round "7.2"]
[White "Knoflicek, Ctibor"]
[Black "Kreindl, Helmut"]
[Result "1/2-1/2"]
[WhiteElo "2192"]
[BlackElo "2233"]
[PlyCount "33"]
[EventDate "2005.10.08"]

1. d4 d5 2. Nf3 Nf6 3. c4 e6 4. Bg5 Be7 5. Nc3 h6 6. Bh4 O-O 7. e3 b6 8. Rc1
Bb7 9. Bxf6 Bxf6 10. cxd5 exd5 11. Bd3 c5 12. O-O a6 13. Bb1 g6 14. dxc5 bxc5
15. Qb3 Ra7 16. Rfd1 c4 17. Qc2 1/2-1/2

[Event "Aut_2. Bundesliga Ost 2005/06"]
[Site "Wr. Neustadt"]
[Date "2006.02.24"]
[Round "7.3"]
[White "Mahdi, Khaled"]
[Black "Polak, Tomas"]
[Result "1/2-1/2"]
[WhiteElo "2359"]
[BlackElo "2499"]
[PlyCount "60"]
[EventDate "2005.10.08"]

1. e4 d5 2. exd5 Qxd5 3. Nc3 Qa5 4. d4 c6 5. Bc4 Bf5 6. Nf3 e6 7. O-O Nf6 8.
Bd2 Qb6 9. Qe2 Bd6 10. Bd3 Bxd3 11. Qxd3 Qa6 12. Qe3 Nbd7 13. Ne4 Nxe4 14. Qxe4
O-O 15. Rfe1 Qb5 16. b3 Qh5 17. c4 Rad8 18. Bf4 Nf6 19. Qe3 Ng4 20. Qc1 Bxf4
21. Qxf4 Nf6 22. Re5 Qg4 23. Qc1 h6 24. h3 Qg6 25. Qa3 a6 26. Qb4 Rb8 27. Re3
Nd7 28. Rd1 Rfd8 29. Qe1 Qf5 30. Rc1 Rbc8 1/2-1/2

[Event "Aut_2. Bundesliga Ost 2005/06"]
[Site "Wr. Neustadt"]
[Date "2006.02.24"]
[Round "7.3"]
[White "Chytilek, Roman"]
[Black "Haba, Zdenek"]
[Result "1-0"]
[WhiteElo "2400"]
[BlackElo "2273"]
[PlyCount "93"]
[EventDate "2005.10.08"]

1. Nf3 g6 2. c4 Bg7 3. Nc3 d6 4. d4 Nf6 5. e4 O-O 6. h3 e5 7. d5 Na6 8. Bg5 h6
9. Be3 Nh5 10. Nh2 Qe8 11. Qd2 Kh7 12. O-O-O f5 13. f3 f4 14. Bf2 b6 15. Bd3
Nc5 16. Bc2 a5 17. Bxc5 bxc5 18. Ba4 Bd7 19. Bb5 a4 20. Ng4 Bf6 21. Nf2 Bh4 22.
Nd3 Nf6 23. Kb1 Kg7 24. Nc1 h5 25. Qc2 g5 26. Bxd7 Qxd7 27. Nb5 Rfb8 28. Rd3
Rxb5 29. cxb5 Qxb5 30. Rc3 Nd7 31. Nd3 Bg3 32. Ka1 Kf6 33. Rb1 Qa6 34. Rc1 Ke7
35. Ra3 Qb5 36. Qc3 Re8 37. b3 axb3 38. axb3 Rb8 39. Ka2 Kf6 40. Qc4 Qxc4 41.
Rxc4 Nb6 42. Rc2 Ke7 43. Ra7 Kd7 44. b4 c4 45. Nb2 Be1 46. Nxc4 Nc8 47. Nb6+
1-0

[Event "Aut_2. Bundesliga Ost 2005/06"]
[Site "Wr. Neustadt"]
[Date "2006.02.24"]
[Round "7.3"]
[White "Hangweyrer, Manfred"]
[Black "Kirschner, Alexander"]
[Result "1/2-1/2"]
[WhiteElo "2332"]
[BlackElo "2201"]
[PlyCount "47"]
[EventDate "2005.10.08"]

1. e4 e6 2. Nc3 d5 3. d4 Bb4 4. Nge2 dxe4 5. a3 Be7 6. Nxe4 Nf6 7. Qd3 Nc6 8.
Bf4 Nd5 9. Bd2 O-O 10. f4 a6 11. g3 b5 12. Bg2 Bb7 13. O-O Qd7 14. Rad1 Nb6 15.
Bc1 Nc4 16. Ng5 g6 17. d5 exd5 18. Bxd5 Bc5+ 19. Kg2 Qxd5+ 20. Qxd5 Nd8 21. Rf3
Bxd5 22. Rxd5 Be7 23. Rc3 c6 24. Rd7 1/2-1/2

[Event "Aut_2. Bundesliga Ost 2005/06"]
[Site "Wr. Neustadt"]
[Date "2006.02.24"]
[Round "7.3"]
[White "Lovrinovic, Christian"]
[Black "Batyte, Daiva"]
[Result "1/2-1/2"]
[WhiteElo "2184"]
[BlackElo "2162"]
[PlyCount "79"]
[EventDate "2005.10.08"]

1. d4 Nf6 2. c4 e6 3. Nc3 Bb4 4. e3 b6 5. Bd3 Bb7 6. f3 Nh5 7. Qe2 f5 8. Bd2
Nc6 9. O-O-O Nf6 10. Nh3 Qe7 11. Kb1 O-O-O 12. Rhe1 Bxc3 13. Bxc3 Nb4 14. Bxb4
Qxb4 15. Rc1 Qd6 16. c5 Qxh2 17. cxb6 axb6 18. Nf4 Kb8 19. Ba6 Qg3 20. Rh1 Rhe8
21. Qb5 e5 22. Bxb7 Kxb7 23. dxe5 c6 24. Qd3 Rxe5 25. Qd4 Rb5 26. Rc2 h6 27. a4
Ra5 28. Rhc1 Rc8 29. b3 Qg5 30. Qd6 Raa8 31. Rc4 c5 32. b4 Rc6 33. Qd2 d5 34.
R4c2 c4 35. Nxd5 Rd8 36. e4 Qxd2 37. Rxd2 fxe4 38. fxe4 Nxe4 39. Re2 Rxd5 40.
Rxe4 1/2-1/2

[Event "Aut_2. Bundesliga Ost 2005/06"]
[Site "Wr. Neustadt"]
[Date "2006.02.24"]
[Round "7.3"]
[White "Schirmbeck, Hannes"]
[Black "Niederwieser, Peter"]
[Result "1/2-1/2"]
[WhiteElo "2120"]
[BlackElo "2172"]
[PlyCount "59"]
[EventDate "2005.10.08"]

1. e4 c5 2. Nf3 e6 3. d4 cxd4 4. Nxd4 Nf6 5. Nc3 d6 6. g4 Nc6 7. g5 Nd7 8. Be3
Be7 9. Rg1 O-O 10. Qh5 Re8 11. O-O-O a6 12. Rg3 g6 13. Qh4 Nxd4 14. Bxd4 e5 15.
Be3 Nb6 16. Bxb6 Qxb6 17. Bc4 Be6 18. Bxe6 fxe6 19. Qh3 Bf8 20. Rf3 Re7 21. Rf6
Rae8 22. Qd3 Rf7 23. Rxf7 Kxf7 24. h4 Kg8 25. Rd2 Qc7 26. Nd1 Qf7 27. Qg3 Qf4
28. Qxf4 exf4 29. f3 Be7 30. a4 1/2-1/2

[Event "Aut_2. Bundesliga Ost 2005/06"]
[Site "Wr. Neustadt"]
[Date "2006.02.24"]
[Round "7.4"]
[White "Timoscenko, Gennadij"]
[Black "Blatny, Pavel"]
[Result "1/2-1/2"]
[WhiteElo "2518"]
[BlackElo "2519"]
[PlyCount "37"]
[EventDate "2005.10.08"]

1. d4 b6 2. c4 e6 3. a3 c5 4. d5 e5 5. e4 d6 6. Nc3 g6 7. Bd3 h5 8. Bc2 Bh6 9.
Ba4+ Bd7 10. h4 Kf8 11. Bxd7 Nxd7 12. g3 Kg7 13. Nh3 Bxc1 14. Qxc1 Ndf6 15. O-O
Qd7 16. Kg2 Nh7 17. a4 a6 18. Rb1 Ne7 19. Qe3 1/2-1/2

[Event "Aut_2. Bundesliga Ost 2005/06"]
[Site "Wr. Neustadt"]
[Date "2006.02.24"]
[Round "7.4"]
[White "Vyskocil, Neklan"]
[Black "Schroll, Gerhard"]
[Result "1-0"]
[WhiteElo "2318"]
[BlackElo "2362"]
[PlyCount "33"]
[EventDate "2005.10.08"]

1. e4 e5 2. Nf3 Nf6 3. Nxe5 d6 4. Nf3 Nxe4 5. Nc3 Nxc3 6. dxc3 Be7 7. Bf4 Nd7
8. Nd4 Nc5 9. Qh5 Ne6 10. Be3 g6 11. Qf3 c6 12. O-O-O O-O 13. Kb1 Bg5 14. h4
Bxh4 15. Nxe6 Bxe6 16. Qf4 Bf6 17. Rxd6 1-0

[Event "Aut_2. Bundesliga Ost 2005/06"]
[Site "Wr. Neustadt"]
[Date "2006.02.24"]
[Round "7.4"]
[White "Posch, Werner"]
[Black "Holemar, David"]
[Result "1/2-1/2"]
[WhiteElo "2250"]
[BlackElo "2287"]
[PlyCount "43"]
[EventDate "2005.10.08"]

1. e4 c6 2. d3 d5 3. Nd2 e5 4. Ngf3 Bd6 5. g3 Ne7 6. Bg2 O-O 7. O-O Bg4 8. h3
Bh5 9. b3 Nd7 10. Bb2 Qc7 11. g4 Bg6 12. Nh4 Rad8 13. Qf3 Nc5 14. Nf5 Ne6 15.
Rfe1 f6 16. Nf1 Bc5 17. N1g3 dxe4 18. Nxe4 Nd4 19. Bxd4 Bxd4 20. Nxd4 Rxd4 21.
Qg3 Rdd8 22. Rad1 1/2-1/2

[Event "Aut_2. Bundesliga Ost 2005/06"]
[Site "Wr. Neustadt"]
[Date "2006.02.24"]
[Round "7.4"]
[White "Zwettler, Martin"]
[Black "Todor, Razvan"]
[Result "1/2-1/2"]
[WhiteElo "2218"]
[BlackElo "2181"]
[PlyCount "24"]
[EventDate "2005.10.08"]

1. d4 d5 2. Nf3 Nc6 3. e3 Bg4 4. Bb5 e6 5. c4 Bb4+ 6. Bd2 Bxd2+ 7. Nbxd2 Nge7
8. cxd5 Qxd5 9. Bc4 Qa5 10. O-O O-O 11. Be2 Rfd8 12. a3 Bxf3 1/2-1/2

[Event "Aut_2. Bundesliga Ost 2005/06"]
[Site "Wr. Neustadt"]
[Date "2006.02.24"]
[Round "7.4"]
[White "Janetschek, Karl"]
[Black "Steiner, Adam"]
[Result "0-1"]
[WhiteElo "2310"]
[BlackElo "2126"]
[PlyCount "96"]
[EventDate "2005.10.08"]

1. e4 c5 2. Nf3 d6 3. d4 cxd4 4. Nxd4 Nf6 5. Nc3 g6 6. Be3 Bg7 7. f3 O-O 8. Qd2
Nc6 9. Bc4 Bd7 10. O-O-O Rc8 11. Bb3 Ne5 12. Qe2 Rxc3 13. bxc3 Qa5 14. Kb1 b5
15. Bc1 Qxc3 16. Bb2 Qc5 17. c3 a5 18. a3 Nc4 19. Bxc4 bxc4 20. Qc2 Rb8 21. Ka1
e5 22. Ne2 d5 23. Rb1 Rb3 24. Nc1 Rb8 25. Ne2 Rb3 26. Bc1 a4 27. Bb2 Bc6 28.
Nc1 dxe4 29. Nxb3 axb3 30. Qd2 exf3 31. gxf3 Bxf3 32. Rhf1 Be4 33. Qd8+ Qf8 34.
Rbd1 Bd3 35. Rxd3 cxd3 36. Qxd3 e4 37. Qb5 Ng4 38. Qxb3 Nxh2 39. Rf2 Ng4 40.
Rf4 Nf6 41. c4 Nd7 42. Rf2 Nc5 43. Qb4 Nd3 44. Qxf8+ Bxf8 45. Rc2 Bc5 46. a4 f5
47. a5 f4 48. a6 f3 0-1

[Event "Aut_2. Bundesliga Ost 2005/06"]
[Site "Wr. Neustadt"]
[Date "2006.02.24"]
[Round "7.5"]
[White "Plachetka, Jan"]
[Black "Siebrecht, Sebastian"]
[Result "1/2-1/2"]
[WhiteElo "2439"]
[BlackElo "2485"]
[PlyCount "28"]
[EventDate "2005.10.08"]

1. d4 Nf6 2. Nf3 e6 3. g3 b5 4. Bg2 Bb7 5. O-O c5 6. Na3 Qb6 7. c4 b4 8. Nc2
Be7 9. dxc5 Bxc5 10. Be3 Na6 11. Bxc5 Nxc5 12. Qd4 O-O 13. Rfd1 Rfc8 14. Ne3
Na4 1/2-1/2

[Event "Aut_2. Bundesliga Ost 2005/06"]
[Site "Wr. Neustadt"]
[Date "2006.02.24"]
[Round "7.5"]
[White "Loeffler, Stefan"]
[Black "Beckhuis, Gernod"]
[Result "1-0"]
[WhiteElo "2440"]
[BlackElo "2328"]
[PlyCount "95"]
[EventDate "2005.10.08"]

1. c4 e6 2. d4 Nf6 3. Nc3 d5 4. cxd5 exd5 5. Bg5 c6 6. e3 Be7 7. Qc2 O-O 8. Bd3
Nbd7 9. Nge2 Re8 10. O-O Nf8 11. Rad1 Be6 12. a3 Rc8 13. b4 N6d7 14. Bxe7 Qxe7
15. Na4 Bg4 16. Rfe1 Bh5 17. Qb2 a6 18. Nc5 Rc7 19. Rc1 Bg6 20. Nf4 Bxd3 21.
Ncxd3 Nb6 22. Qb3 Ne6 23. Nxe6 Qxe6 24. a4 Nc4 25. b5 cxb5 26. axb5 a5 27. e4
Qd6 28. e5 Qh6 29. Qd1 Qh4 30. f4 Rec8 31. g3 Qd8 32. f5 Qd7 33. Qg4 Nd2 34.
Nc5 Qd8 35. f6 g6 36. Qf4 b6 37. Qxd2 bxc5 38. b6 Rc6 39. dxc5 Rxc5 40. Rxc5
Qxb6 41. Qxa5 Qxc5+ 42. Qxc5 Rxc5 43. Ra1 Rc8 44. Kf2 g5 45. Ke3 h5 46. Kd4 Rc2
47. Ra8+ Kh7 48. e6 1-0